Kỹ thuật chăn nuôi và chuồng trại nuôi lợn
Sách cung cấp kỹ thuật chăn nuôi một số loại lợn và các kiểu chuồng trại nuôi lợn phổ biến. Bên cạnh đó sách còn cung cấp phương pháp, đặc điểm cũng như trang thiết bị trong chuồng nuôi lợn
Guardat en:
| Autor principal: | |
|---|---|
| Format: | Llibre |
| Idioma: | Undetermined |
| Publicat: |
Hà Nội
Nông nghiệp
2009
|
| Matèries: | |
| Etiquetes: |
Afegir etiqueta
Sense etiquetes, Sigues el primer a etiquetar aquest registre!
|
| Thư viện lưu trữ: | Trung tâm Học liệu Trường Đại học Cần Thơ |
|---|
| LEADER | 00936nam a2200217Ia 4500 | ||
|---|---|---|---|
| 001 | CTU_159873 | ||
| 008 | 210402s9999 xx 000 0 und d | ||
| 020 | |c 38000 | ||
| 082 | |a 636.4 | ||
| 082 | |b Th305 | ||
| 100 | |a Nguyễn, Thiện | ||
| 245 | 0 | |a Kỹ thuật chăn nuôi và chuồng trại nuôi lợn | |
| 245 | 0 | |c Nguyễn Thiện, Võ Trọng Hốt | |
| 260 | |a Hà Nội | ||
| 260 | |b Nông nghiệp | ||
| 260 | |c 2009 | ||
| 520 | |a Sách cung cấp kỹ thuật chăn nuôi một số loại lợn và các kiểu chuồng trại nuôi lợn phổ biến. Bên cạnh đó sách còn cung cấp phương pháp, đặc điểm cũng như trang thiết bị trong chuồng nuôi lợn | ||
| 650 | |a Swine,Nuôi lợn | ||
| 650 | |x Breeding,Kỹ thuật nuôi | ||
| 904 | |i Qhieu | ||
| 980 | |a Trung tâm Học liệu Trường Đại học Cần Thơ | ||